000 00679nam a2200205 4500
999 _c191313
_d191313
005 20220824124159.0
010 _aENG-134593
020 _c350.00
_a9789385606120
035 _aEN-118125
037 _bDBAD/PUB
082 _a641.36
100 _aDhamija, Jasleen
245 _aA Gurmeet's Journey:
_bDiscovering the exotic & erotic in food/
_cJasleen Dhamija, ill. by Ayeshe Sadr and Ishaan Dasgupta
260 _aNew Delhi
_bWomen Unlimited
_c2018
270 _a7/10, first floor, sarvapriya vihar
_bNew Delhi
_e110016
300 _aviii, 174p.
_bIndex
_c22cm(pbk)
700 _aSadr Ayeshe
700 _aDasgupta Ishaan
942 _2ddc
_cEN
_h641.36
_mDHA